书目信息 |
| 题名: |
制药行业水污染全过程控制技术发展蓝皮书
|
|
| 作者: | 曾萍 , 刘庆芬 , 刘文富 编著 | |
| 分册: | ||
| 出版信息: | 北京 冶金工业出版社 2021.01 |
|
| 页数: | 143页 | |
| 开本: | 26cm | |
| 丛书名: | 水体污染控制与治理科技重大专项“十三五”成果系列丛书 | |
| 单 册: | ||
| 中图分类: | X787 | |
| 科图分类: | ||
| 主题词: | 制药工业--zhi yao gong ye--工业废水--水污染防治--研究报告--中国 | |
| 电子资源: | ||
| ISBN: | 978-7-5024-8797-3 | |
| 000 | 01418nam 2200301 450 | |
| 001 | 202021194363 | |
| 005 | 20211025120147.0 | |
| 010 | @a978-7-5024-8797-3@dCNY48.00 | |
| 100 | @a20211004d2021 em y0chiy50 ea | |
| 101 | 0 | @achi |
| 102 | @aCN@b110000 | |
| 105 | @aa a 000yy | |
| 106 | @ar | |
| 200 | 1 | @a制药行业水污染全过程控制技术发展蓝皮书@Azhi yao hang ye shui wu ran quan guo cheng kong zhi ji shu fa zhan lan pi shu@f曾萍, 刘庆芬, 刘文富等编著 |
| 210 | @a北京@c冶金工业出版社@d2021.01 | |
| 215 | @a143页@c图@d26cm | |
| 225 | 2 | @a水体污染控制与治理科技重大专项“十三五”成果系列丛书@Ashui ti wu ran kong zhi yu zhi li ke ji zhong da zhuan xiang “ shi san wu ” cheng guo xi lie cong shu |
| 300 | @a重点行业全过程水污染控制技术系统与应用项目 制药行业全过程水污染控制技术集成与工程实证 | |
| 320 | @a有书目 (第138-143页) | |
| 330 | @a本书是“水体污染控制与治理”科技重大专项制药行业废水处理技术的科研成果的总结, 介绍了制药行业废水治理的主要成果、关键技术以及技术示范案例, 为制药行业废水治理、专项成果技术的应用推广提供了基础和参考。 | |
| 410 | 0 | @12001 @a水体污染控制与治理科技重大专项“十三五”成果系列丛书 |
| 606 | 0 | @a制药工业@Azhi yao gong ye@x工业废水@x水污染防治@x研究报告@y中国 |
| 690 | @aX787@v5 | |
| 701 | 0 | @a曾萍@Azeng ping@4编著 |
| 701 | 0 | @a刘庆芬@Aliu qing fen@4编著 |
| 701 | 0 | @a刘文富@Aliu wen fu@4编著 |
| 801 | 0 | @aCN@c20210909 |
| 905 | @a河南城建学院图书馆@dX787@eZ024 | |
| 制药行业水污染全过程控制技术发展蓝皮书/曾萍, 刘庆芬, 刘文富等编著.-北京:冶金工业出版社,2021.01 |
| 143页:图;26cm.-(水体污染控制与治理科技重大专项“十三五”成果系列丛书) |
| 重点行业全过程水污染控制技术系统与应用项目 制药行业全过程水污染控制技术集成与工程实证 |
| ISBN 978-7-5024-8797-3:CNY48.00 |
| 本书是“水体污染控制与治理”科技重大专项制药行业废水处理技术的科研成果的总结, 介绍了制药行业废水治理的主要成果、关键技术以及技术示范案例, 为制药行业废水治理、专项成果技术的应用推广提供了基础和参考。 |
| ● |
| 相关链接 |
|
|
|
正题名:制药行业水污染全过程控制技术发展蓝皮书
索取号:X787/Z024
 
预约/预借
| 序号 | 登录号 | 条形码 | 馆藏地/架位号 | 状态 | 备注 |
| 1 | 1543458 | 215434581 | 自科库501/501自科库 111排1列3层/ [索取号:X787/Z024] | 在馆 |